000 00241 a2200097 4500
001 43456
100 _aShakespeare
245 _aSecond Part of the History of Henry
260 _aLondon
_bCambridge University Press
_c
090 _c27279
_d27279
942 _aNUST-CAE
_cM
_c19201
999 _c278529
_d278529